| 000 | 00509nam a2200181Ia 4500 | ||
|---|---|---|---|
| 008 | 090123s9999 xx 000 0 und d | ||
| 082 |
_b25821 _a891.463/शिरव |
||
| 100 | _aशिरवळकर सुहास | ||
| 245 | _aहमखास | ||
| 250 | _a1 | ||
| 260 |
_bकल्पना _c199 |
||
| 300 | _a112 | ||
| 600 | _aशिरवळकर सुहास | ||
| 630 | _aहमखास | ||
| 700 | _aशिरवळकर सुहास | ||
| 730 | _aहमखास | ||
| 942 | _cBOOK | ||
| 999 |
_c63892 _d63892 |
||